| 000 | 00474pab a2200169 454500 | ||
|---|---|---|---|
| 008 | 180718b2014 xxu||||| |||| 00| 0 eng d | ||
| 100 | _aZia, Afiya Shehrbano | ||
| 245 | _aFreedoms and bans in the politics of contemporary Pakistan | ||
| 260 | _c2014 | ||
| 300 | _ap.22-25. | ||
| 362 | _a23 Aug | ||
| 650 | _aCivil and Political Rights - Pakistan | ||
| 650 | _aCivil and Political Rights | ||
| 773 | _aEconomic and Political Weekly | ||
| 908 | _aN | ||
| 909 | _a105625 | ||
| 999 |
_c105620 _d105620 |
||